Naruto Strongest Uchiha Clan Members - Statistics

General Stats
  • This quiz has been taken 1,343 times
  • The average score is 7 of 11
Answer Stats
Answer % Correct
Itachi
99%
Sasuke
99%
Madara
98%
Obito
92%
Shisui
88%
Fugaku
72%
Izuna
55%
Indra
46%
Shin
26%
Kagami
24%
Tajima
12%
No matching quizzes found
Score Distribution
Percent of People with Each Score
Percentile by Number Answered
Your Score History
You have not taken this quiz